Les buteurs de la Turquie au Championnat d'Europe de football 2024 - Statistiques

Statistiques générales
  • Ce quiz a été pris 228 fois
    196 depuis la dernière actualisation
  • Le résultat moyen est 6 sur 8
Statistiques - réponses
Match Minute Buteur % Correct
Turquie - Géorgie 3-1 65' Arda Güler
97%
Autriche - Turquie 1-2 1' Merih Demiral
81%
Autriche - Turquie 1-2 59' Merih Demiral
81%
République tchèque - Turquie 1-2 51' Hakan Çalhanoğlu
76%
Turquie - Géorgie 3-1 90+7' Kerem Aktürkoğlu
74%
Turquie - Géorgie 3-1 25' Mert Müldür
70%
Pays-Bas - Turquie 2-1 35' Samet Akaydin
64%
République tchèque - Turquie 1-2 90+4' Cenk Tosun
63%
Aucun quiz correspondant
Distribution des résultats
% des personnes avec chaque résultat
Percentile par nombre de réponses
Votre historique - résultats
Vous n’avez pas pris ce quiz depuis la dernière actualisation